FAO conservation guide; No.34 Agroforestry parklands in sub-Sahara Africa
The book reviews the status of knowledge of the traditional agroforestry systems in Sudano-Sahelian region, and synthesizes the experiences relating to the biophysical, socio-economic and policy aspects of their management.
Na minha lista:
| Autor principal: | |
|---|---|
| Formato: | Livro |
| Idioma: | Undetermined |
| Publicado em: |
Rome, Italy
FAO
1999
|
| Assuntos: | |
| Tags: |
Adicionar Tag
Sem tags, seja o primeiro a adicionar uma tag!
|
| Thư viện lưu trữ: | Trung tâm Học liệu Trường Đại học Cần Thơ |
|---|
| LEADER | 00867nam a2200205Ia 4500 | ||
|---|---|---|---|
| 001 | CTU_36565 | ||
| 008 | 210402s9999 xx 000 0 und d | ||
| 082 | |a 631 | ||
| 082 | |b F218/N34 | ||
| 100 | |a J M Boffa | ||
| 245 | 0 | |a FAO conservation guide; No.34 | |
| 245 | 0 | |b Agroforestry parklands in sub-Sahara Africa | |
| 245 | 0 | |c J M Boffa, FAO | |
| 260 | |a Rome, Italy | ||
| 260 | |b FAO | ||
| 260 | |c 1999 | ||
| 520 | |a The book reviews the status of knowledge of the traditional agroforestry systems in Sudano-Sahelian region, and synthesizes the experiences relating to the biophysical, socio-economic and policy aspects of their management. | ||
| 650 | |a environmental engineering,environmental law,environmental policy,environmental protection,natural resources - management | ||
| 904 | |i Minh, 000511 | ||
| 980 | |a Trung tâm Học liệu Trường Đại học Cần Thơ | ||